000 00583nam a22001697a 4500
008 160914b xxu||||| |||| 00| 0 eng d
020 _a0072297263
082 _22001
_aDC 363.7
_bM44c
100 _914564
_aMayer, J. Richard
245 _aConnections in environmental science:
_ba case study approach/
_cJ. Richard Mayer.
260 _aBoston:
_bMcGRaw-Hill,
_cc2001.
300 _axxii, 330 pages:
_billustrations;
_c28 cm.
500 _aIncludes bibliographical references and index.
650 0 _914565
_aEnvironmental sciences
365 _aPhp
_b1920.00
942 _2ddc
_cDC
999 _c4521
_d4521